[Event "CZE-ch Open 2018"]
[Site "Ostrava"]
[Date "2018.04.30"]
[Round "3"]
[White "Konopka, Michal"]
[Black "Rubes, Jan"]
[Result "1/2-1/2"]
[WhiteElo "2373"]
[BlackElo "2337"]
[Annotator "TA"]
[PlyCount "88"]
[EventDate "2018.??.??"]
[EventCountry "CZE"]
[SourceTitle "playchess.com"]
[Source "ChessBase"]
[SourceQuality "1"]

{[%evp 18,88,10,0,2,-33,0,0,0,-1,0,0,0,0,0,-17,-7,-16,-11,-29,-26,-39,-32,-42,-30,-26,-10,-16,-8,-29,-38,-45,0,-11,-22,-31,-31,-31,-27,-32,-17,-10,-14,-16,0,0,0,-68,-60,-75,0,0,0,0,0,0,0,0,0,0,0,0,0,0,0,-14,-14,-14,-14,-14,0,0,0]} 1. Nf3 d5 2. d4 Nf6 3. c4 e6 4. g3 Be7 5. Bg2 O-O 6. O-O dxc4 7. Qc2 b6 {E05: Open Catalan: 5 Nf3 Be7} (7... c6 8. Qxc4 b5 9. Qc2 Bb7 10. Nc3 Nbd7 11. Rd1 Qb6 12. Ne5 Rfd8 13. Be3 Nd5 14. Nxd5 cxd5 15. Rac1 Rac8 16. Qd3 b4 17. Rxc8 Bxc8 {½-½ (41) So,W (2799)-Mamedyarov,S (2809) Berlin 2018}) 8. Qxc4 Bb7 9. Nc3 Nbd7 10. Bg5 {LiveBook: 3 Games} c5 11. dxc5 Bxc5 12. Rfd1 Qe7 13. Ne1 $146 ({Predecessor:} 13. Na4 Rac8 14. Nxc5 Nxc5 15. Be3 Nd5 16. Bd4 Nd7 17. Qb3 Nc5 18. Qa3 a5 19. Rdc1 Nb4 20. Qe3 Nd7 {½-½ (20) Garcia Cardenas,P (2405)-Alarcon Bahamondes,R (2257) Santiago de Chile 2016}) 13... Bxg2 14. Kxg2 h6 15. Bxf6 Nxf6 16. Nd3 Qb7+ 17. Kg1 Rac8 {[#] White must now prevent ...Bxf2+!} 18. Qh4 Be7 19. Qh3 b5 20. Qg2 Qb6 21. a3 Rc7 22. Qf3 Rfc8 23. Rdc1 Nd7 24. Nd1 Bc5 {[%cal Be7c5,Bc5d4,Bd4f6][%mdl 32]} 25. Kg2 a5 26. Rc2 Bd4 27. Rxc7 Rxc7 28. Rc1 Rxc1 29. Nxc1 Bf6 30. Nd3 Bd4 31. Qa8+ Kh7 32. Ne3 ({White should try} 32. Qf3 $11) 32... Bxe3 $15 33. Qe4+ {[#]} g6 (33... f5 $1 $17 {[%cal Rf5e4]} 34. Qxe3 Qxe3 35. fxe3 e5) 34. Qxe3 $11 {The position is equal.} Qxe3 35. fxe3 {[%mdl 4096] Endgame KN-KN} Kg7 36. Kf3 Kf6 37. Ke4 Ke7 38. Ne5 Nxe5 39. Kxe5 {KP-KP} f6+ 40. Kd4 {Strongly threatening Kc5.} Kd6 41. b4 axb4 42. axb4 e5+ 43. Kd3 Kd5 {...f5 is the strong threat.} 44. e4+ $1 Kd6 {Precision: White = 43%, Black = 63%.} 1/2-1/2

[Event "CZE-ch Open 2018"]
[Site "Ostrava"]
[Date "2018.04.30"]
[Round "3"]
[White "Lechtynsky, Jiri"]
[Black "Biolek, Richard Jr"]
[Result "0-1"]
[WhiteElo "2349"]
[BlackElo "2447"]
[Annotator "TA"]
[PlyCount "80"]
[EventDate "2018.??.??"]
[EventCountry "CZE"]
[SourceTitle "playchess.com"]
[Source "ChessBase"]
[SourceQuality "1"]

{[%evp 20,80,20,20,16,14,28,20,14,24,56,56,62,39,35,0,27,-6,0,0,14,0,3,-48,-47,-55,-64,-87,-37,-71,-83,-145,-142,-128,-147,-201,-160,-154,-98,-531,-519,-964,-928,-856,-454,-1592,-1536,-1799,-1722,-1566,-1274,-1663,-832,-828,-823,-809,-806,-846,-848,-898,-846,-859,-804]} 1. d4 Nf6 2. Nf3 g6 3. c4 Bg7 4. Nc3 O-O 5. Bg5 c5 6. d5 h6 7. Bf4 d6 8. e4 e6 9. Be2 exd5 10. exd5 Bf5 11. O-O Ne4 {E91: King's Indian: Classical: 6 Be2, unusual replies including 6...c5 and 6...Bg4} 12. Nxe4 Bxe4 13. Bd3 $146 ({Predecessor:} 13. Nd2 Bf5 14. g4 Bc8 15. Ne4 f5 16. Nxd6 g5 17. Bg3 f4 18. Nxc8 Qxc8 19. h4 fxg3 20. fxg3 Rxf1+ 21. Qxf1 {½-½ (66) Stotika,V (2255)-Malofeev,A (2265) St Petersburg 1997}) 13... Bxd3 {The position is equal.} 14. Qxd3 Qf6 15. Qd2 Kh7 16. Rae1 Nd7 17. Re2 Rfe8 18. Rfe1 Rxe2 19. Rxe2 Rb8 (19... b5 $5 {[%cal Rb5c4]}) 20. a4 a6 21. Bg3 ({White should try} 21. h4 $11) 21... b5 $1 $15 {[%cal Rb5a4]} 22. cxb5 axb5 23. a5 c4 24. h4 b4 25. Qc2 (25. a6 $142) 25... c3 $17 26. bxc3 bxc3 27. h5 (27. Qd3 $17 {was called for.}) 27... Rb2 28. hxg6+ fxg6 (28... Qxg6 $142 29. Qxg6+ Kxg6) 29. Qd1 $2 {[%mdl 8192] [#]} (29. Qd3 $17) 29... Qf5 $19 {Black is clearly winning.} 30. Re1 (30. Rxb2 $142 cxb2 31. Nd2) 30... c2 31. Qd2 Nc5 32. Nh4 (32. a6 $142 Nd3 33. a7 Nxe1 34. Nxe1) 32... Qd3 33. Bf4 Rb1 34. Nf3 Rd1 35. Qe3 c1=Q 36. Qxc1 Rxc1 37. Bxc1 Qxd5 38. Bd2 Nb3 39. Bf4 Nxa5 40. Re7 Nc4 {Precision: White = 14%, Black = 57%.} 0-1

[Event "CZE-ch Open 2018"]
[Site "Ostrava"]
[Date "2018.04.30"]
[Round "3"]
[White "Hausner, Ivan"]
[Black "Bures, Jaroslav"]
[Result "1/2-1/2"]
[WhiteElo "2334"]
[BlackElo "2407"]
[Annotator "TA"]
[PlyCount "30"]
[EventDate "2018.??.??"]
[EventCountry "CZE"]
[SourceTitle "playchess.com"]
[Source "ChessBase"]
[SourceQuality "1"]

{[%evp 22,30,-9,-7,0,-14,12,19,16,5,41]} 1. Nf3 d5 2. d4 Nf6 3. c4 c6 4. Nc3 dxc4 5. a4 Bf5 6. Ne5 e6 7. Nxc4 c5 {D17: Slav Defence: 5 a4 Bf5: Lines with 6 Nh4 and 6 Ne5} 8. dxc5 Qxd1+ 9. Nxd1 Bxc5 10. f3 Nc6 11. e4 Bg6 12. Be3 {LiveBook: 3 Games. The position is equal.} Nd7 13. Rc1 $146 ({Predecessor:} 13. Nc3 Nb4 14. O-O-O Bxe3+ 15. Nxe3 {0-1 (56) Gulbis,A (2097)-Varga,Z (2448) Slovakia 2017}) 13... Bb4+ 14. Kf2 Rd8 15. Be2 Ke7 1/2-1/2

[Event "CZE-ch Open 2018"]
[Site "Ostrava"]
[Date "2018.04.30"]
[Round "3"]
[White "Michenka, Jozef"]
[Black "Stepan, Patrik"]
[Result "1-0"]
[WhiteElo "2328"]
[BlackElo "2207"]
[Annotator "TA"]
[PlyCount "83"]
[EventDate "2018.??.??"]
[EventCountry "CZE"]
[SourceTitle "playchess.com"]
[Source "ChessBase"]
[SourceQuality "1"]

{[%evp 10,83,6,1,2,-4,53,8,18,27,21,10,19,30,30,5,27,19,45,45,43,43,43,33,75,63,98,102,96,110,120,86,84,91,134,130,133,118,116,105,110,89,120,104,110,101,102,50,50,50,66,68,66,59,129,131,148,114,158,138,285,205,304,291,368,349,356,337,537,518,648,669,654,654,588,574]} 1. d4 Nf6 2. c4 e6 3. Nf3 b6 4. Bg5 Bb7 5. e3 Bb4+ (5... h6 6. Bh4 Be7 7. Nc3 Ne4 8. Nxe4 Bxh4 9. Bd3 Be7 10. O-O O-O 11. Nc3 d5 12. cxd5 exd5 13. Ne5 Nd7 14. f4 c5 15. Qf3 Nf6 {1-0 (93) Kozul,Z (2597)-Fedorchuk,S (2666) Warsaw 2013}) 6. Nbd2 {LiveBook: 5 Games. E12: Queen's Indian: Unusual White 4th moves, 4 a3, 4 Nc3 Bb7 5 a3 and 4 Nc3 Bb7} O-O 7. Bd3 d5 (7... Be7 $11) 8. O-O {White is slightly better.} Nbd7 9. cxd5 exd5 10. Rc1 $146 ({Predecessor:} 10. Ne5 Be7 11. Nxd7 Qxd7 12. Bxf6 Bxf6 13. Rc1 {½-½ (49) Radaev,D-Nelyubin,G (2065) Rybinsk 2008}) 10... h6 11. Bf4 $36 {[%mdl 2048] White has some pressure.} c5 12. dxc5 Nxc5 13. Nb3 a5 14. Nxc5 Bxc5 15. Nd4 Ne4 16. Qh5 Bxd4 17. exd4 Rc8 18. f3 Nf6 19. Qe5 Re8 20. Qd6 Qxd6 21. Bxd6 Rxc1 22. Rxc1 Re6 23. Bc7 Ne8 24. Bb5 Kf8 25. Be5 f6 26. Bg3 Ke7 27. Kf2 Kd8 28. b3 (28. Bb8 $16) 28... Nd6 $14 29. Bd3 g5 30. h4 Kd7 31. hxg5 fxg5 (31... hxg5 $14 32. Rb1 Re8) 32. Be5 $16 Bc6 33. a4 h5 34. g3 g4 (34... Rh6 $16 {was necessary.} 35. Bg7 Re6) 35. Rh1 gxf3 (35... b5 {might work better.} 36. Bxd6 (36. Rxh5 bxa4 37. bxa4 Bxa4 $16) 36... Kxd6 37. axb5 Be8) 36. Rxh5 $18 Ne4+ 37. Kxf3 Re7 38. Rh6 Rf7+ (38... Re6 $142) 39. Ke3 {White is clearly winning.} Re7 40. g4 Re6 41. Rxe6 Kxe6 42. Bc7 {Precision: White = 61%, Black = 43%.} 1-0

[Event "CZE-ch Open 2018"]
[Site "Ostrava"]
[Date "2018.04.30"]
[Round "3"]
[White "Mikes, Jan"]
[Black "Freisler, Pavel"]
[Result "1-0"]
[WhiteElo "2321"]
[BlackElo "2266"]
[Annotator "TA"]
[PlyCount "55"]
[EventDate "2018.??.??"]
[EventCountry "CZE"]
[SourceTitle "playchess.com"]
[Source "ChessBase"]
[SourceQuality "1"]

{[%evp 16,55,47,50,48,40,43,0,5,14,5,-125,-127,-93,-68,-68,-66,-51,-18,-22,-26,-21,-11,-9,-9,-9,183,176,168,182,210,205,548,595,29975,1095,961,961,29997,29998,29998,29999]} 1. e4 {[%cal Be2e4,Be4e5][%mdl 32]} Nf6 {[%cal Bg8f6,Bf6d5,Bd5b6][%mdl 32]} 2. e5 Nd5 3. d4 d6 4. c4 Nb6 5. exd6 cxd6 6. Nc3 g6 7. Be3 Bg7 8. h4 Nc6 {B03: Alekhine's Defence: Four Pawns Attack} 9. h5 $1 {LiveBook: 3 Games} e5 {[%cal Be7e5,Be5d4][%mdl 32]} (9... d5 10. c5 Nc4 11. Bxc4 dxc4 12. Nge2 Qa5 13. h6 Bf6 14. Qd2 O-O 15. Nd5 Qxd2+ 16. Bxd2 {0-1 (42) Moradi,A (2276)-Firouzja,A (2549) Amol 2018}) 10. d5 Nd4 {White is slightly better.} 11. hxg6 hxg6 12. Rxh8+ Bxh8 13. Bxd4 $146 (13. Bd3 $11) ({Predecessor:} 13. Bd3 Qh4 14. Qd2 Bg4 15. Ne4 {½-½ (36) Bakos,S-Ponyi,A Salgotarjan 1977}) 13... exd4 $17 14. Nb5 Kf8 15. Be2 $1 Qf6 16. Qb3 $1 Bf5 {White must now prevent ...d3.} 17. Rd1 $1 d3 18. Bxd3 Bxd3 19. Rxd3 Re8+ 20. Ne2 Qf4 $2 {[#]} (20... Re4 $11) 21. Nc7 $1 $36 {[%cal Rc7e8][%mdl 2048] White is really pushing.} Rxe2+ 22. Kxe2 {Ne6+! is the strong threat.} Qg4+ 23. Kf1 Nxc4 $2 (23... Be5 24. a4 Qe4) 24. Qxb7 Qe4 25. Ne6+ (25. Qc8+ $142 Kg7 26. Ne8+ Kh6 27. Qh3+ Kg5 28. Rg3+ Kf4 29. Rg4+ Kf5 30. Rxe4+ Kxe4 31. Qxh8 Kxd5 32. Qc3) 25... fxe6 26. Rf3+ Ke8 27. Qc8+ Ke7 28. Qf8+ {Precision: White = 67%, Black = 33%.} 1-0

[Event "CZE-ch Open 2018"]
[Site "Ostrava"]
[Date "2018.04.30"]
[Round "3"]
[White "Nedela, Vlastimil"]
[Black "Miesbauer, Jan"]
[Result "1/2-1/2"]
[WhiteElo "2307"]
[BlackElo "2261"]
[Annotator "TA"]
[PlyCount "169"]
[EventDate "2018.??.??"]
[EventCountry "CZE"]
[SourceTitle "playchess.com"]
[Source "ChessBase"]
[SourceQuality "1"]

{[%evp 10,169,17,17,11,-5,12,-17,-22,-18,-26,-22,-2,0,-21,-49,-51,-57,-56,-52,-30,-67,-49,-77,-101,-111,-88,-146,-112,-147,-119,-108,-108,-102,-109,-98,-101,-116,-101,-139,-93,-88,-77,-112,-46,-49,-7,-88,-96,-121,-62,-199,-205,-209,-170,-158,-167,-162,-152,-174,-87,-79,-77,-74,-78,-148,-120,-127,-104,-111,-54,-110,-47,-39,-33,-33,-33,-99,-95,-84,-19,-28,0,0,0,0,0,0,0,0,0,0,0,0,103,103,103,103,163,157,164,129,150,160,185,187,178,95,174,68,176,177,159,0,121,120,119,99,94,94,113,112,110,94,100,88,96,88,90,0,84,88,87,71,67,46,58,41,44,42,52,41,49,34,39,21,21,22,45,42,47,0,0,0,56,0,0,0,0,0,0,0]} 1. e4 e5 2. Nf3 Nc6 3. Bb5 a6 4. Ba4 Nf6 5. d3 d6 6. c4 Be7 {C77: Ruy Lopez: 3...a6 4 Ba4 Nf6, unusual lines} (6... Bg4 7. h3 Bxf3 8. Qxf3 Nd7 9. Be3 Be7 10. O-O O-O 11. Qg3 Nc5 12. Bxc5 dxc5 13. Bxc6 bxc6 14. Nc3 Qd4 15. Qe3 Rfd8 16. Rad1 Qd6 17. Na4 Rd7 18. Rfe1 Rad8 {½-½ (47) Huschenbeth,N (2601)-Sutovsky,E (2689) Austria 2017}) 7. h3 O-O 8. Bxc6 bxc6 9. O-O c5 10. Nc3 Rb8 11. Rb1 Ne8 $146 ({Predecessor:} 11... c6 12. Re1 Qa5 13. Qa4 Qxa4 14. Nxa4 {½-½ (25) Flecher,J (1979)-Alozy,F (1834) ICCF email 2012}) 12. g4 {[#]} h5 $1 {[%mdl 512]} 13. Nh2 (13. gxh5 Bxh3) 13... hxg4 14. hxg4 Bg5 15. Nd5 c6 16. Bxg5 Qxg5 17. Ne3 Nf6 18. Kh1 (18. Qf3 $142) 18... g6 19. Rg1 {[#]} d5 $1 {[%mdl 512]} 20. Qe2 (20. cxd5 cxd5) 20... dxe4 21. dxe4 Nxe4 22. f3 Nf6 23. Rbe1 Re8 24. Qf2 Kg7 25. b3 Qf4 26. Nef1 Rh8 (26... Qd4 $17 27. Qg3 Rb7) 27. Rg2 $1 $15 Qd4 {Threatening ...a5.} 28. Qe2 {[#]} (28. Qg3 $1 $11) 28... e4 $1 $36 {[%mdl 2560] Black is on the roll.} 29. fxe4 Rh4 (29... Rb7 $17 30. g5 Nh5) 30. Nd2 (30. Rd1 $1 $15 Qe5 31. Kg1) 30... Bxg4 $1 $19 31. Qf2 Bh3 32. Qxh4 Bxg2+ 33. Kxg2 Qxd2+ 34. Qf2 Qg5+ (34... Rd8 $19 35. Nf3 Qc3) 35. Qg3 $17 Qxg3+ 36. Kxg3 {[%mdl 4096] Endgame KRN-KRN} Rd8 37. Re2 ({White should play} 37. Nf3) 37... Rd4 38. Kf3 Nd7 39. Ng4 f6 (39... g5 $17 40. Rh2 f6) 40. Ke3 (40. e5 $15) 40... f5 (40... Kf7 $17 41. Rh2 Rd1) 41. Nf2 $15 Ne5 {...Ng4+ is the strong threat.} 42. exf5 gxf5 {[%csl Gd4][%cal Rf5f4]} 43. Rc2 ({White should try} 43. Re1 $15) 43... Kf6 $17 44. Ke2 f4 (44... Rd8 $17) 45. Rc1 $11 Kf5 46. Rh1 Nd7 47. Rh5+ Ke6 48. Rh6+ Nf6 49. Rh8 Kf5 50. Rf8 Rd6 51. Kf3 Kg6 (51... Rd7 $11) 52. Kxf4 $16 {Strongly threatening Ke5.} Kg7 53. Rc8 Rd2 (53... Kg6 $16 {is a better defense.} 54. Rc7 a5) 54. Ke3 $18 Rxa2 55. Rc7+ ({But not} 55. Rxc6 Ra3 $16) 55... Kf8 {[#]} 56. Nd3 $1 Ke8 57. Nxc5 a5 58. Kd4 (58. Rxc6 $18 Nd7 59. Kd4 Nxc5 60. Kxc5 (60. Rxc5 Kd7 $18)) 58... Kd8 (58... Rd2+ $16 59. Ke3 Rh2) 59. Ra7 (59. Rxc6 $18 Nd7 60. Nb7+ Ke7 61. Ra6) 59... Rb2 {[#]} (59... Rd2+ $14 60. Kc3 Rg2 61. Rxa5 Kc7) 60. Ke5 $1 {[%cal Re5f6]} Ne8 61. Kd4 $2 (61. Ne6+ $16 Kc8 62. Ra8+ (62. Rxa5 Rxb3 63. Ra8+ Rb8 $14) 62... Kd7 63. Nc5+ Ke7 64. Rxa5) 61... Nc7 (61... Nf6 $1 $11 {keeps the balance.}) 62. Rxa5 $16 Rh2 63. Kc3 Kc8 64. Ra1 Rh5 65. Kb4 Kb8 66. Rf1 Ka7 67. Rf7 Kb6 68. Na4+ Kb7 69. Nc5+ Kb6 $1 70. Nd7+ Kb7 71. Nf8 Kc8 72. Rf3 Kb7 73. Nd7 {And now Nc5+ would win.} Na6+ 74. Kc3 Kc7 75. Nf6 Rh1 76. Ne4 Kb6 77. Rf5 Rh3+ 78. Kb2 Rh2+ 79. Ka3 Rh1 80. c5+ Ka5 81. Nd6 Rc1 (81... Ra1+ $11 82. Kb2 Rh1) 82. Kb2 ({Better is} 82. Rf7 $14) 82... Rh1 $11 {The position is equal.} 83. Nb7+ Kb5 84. Nd6+ Ka5 85. Nb7+ {Precision: White = 51%, Black = 48%.} 1/2-1/2

[Event "CZE-ch Open 2018"]
[Site "Ostrava"]
[Date "2018.04.30"]
[Round "3"]
[White "Tuma, Jiri"]
[Black "Malinovsky, Petr"]
[Result "1-0"]
[WhiteElo "2296"]
[BlackElo "2006"]
[Annotator "TA"]
[PlyCount "57"]
[EventDate "2018.??.??"]
[EventCountry "CZE"]
[SourceTitle "playchess.com"]
[Source "ChessBase"]
[SourceQuality "1"]

{[%evp 15,57,0,0,-6,29,10,147,143,198,231,266,274,421,424,429,427,414,388,362,361,494,406,531,514,530,420,420,360,847,842,1622,923,917,655,627,518,516,511,464,286,681,671,1661,1660]} 1. e4 c5 2. b4 cxb4 3. a3 d5 4. exd5 Qxd5 5. Nf3 e5 6. c4 {B20: Sicilian: Unusual White 2nd moves} (6. axb4 Bxb4 7. Na3 Nc6 8. Nb5 Qd8 9. c3 Be7 10. d4 exd4 11. Bf4 Kf8 12. Bc4 Bg4 13. O-O a6 14. Nbxd4 Nxd4 15. cxd4 {½-½ (59) Williams,S (2439)-Dragun,K (2564) London 2015}) 6... Qe6 7. Bd3 Nc6 8. O-O Nf6 {LiveBook: 3 Games. And now ...e4 would win.} 9. Re1 Bd6 10. Bc2 {[#] Hoping for d4.} Qxc4 $146 (10... Qe7 $11 {remains equal.}) ({Predecessor:} 10... Qe7 11. d4 Bg4 12. c5 Bxf3 13. gxf3 Bc7 {½-½ (23) Bobel,P (2284)-Cadillon Costa,L (2361) ICCF email 2015}) 11. d4 $1 $16 {[%cal Bd2d4,Bd4e5][%mdl 32]} Bg4 (11... Be7 $16 {might work better.}) 12. dxe5 $18 O-O-O {...Bxe5 is the strong threat.} 13. exd6 Rhe8 (13... Bxf3 $142 14. gxf3 Nd4) 14. Be3 Bxf3 15. gxf3 Re5 16. Nd2 Qh4 17. Nf1 Rd5 18. Qe2 R8xd6 19. axb4 Re6 20. Red1 Nd4 21. Rxd4 Rxd4 $2 {[#]} (21... Qxd4 22. Rc1 (22. Bxd4 Rxe2 23. Rc1 Rxd4 $16) (22. Rxa7 Qxa7 23. Qc4+ Rc6 $16) 22... Kb8) 22. Bf5 Rxb4 23. Bxe6+ fxe6 24. Bxa7 Kd7 25. Re1 Qc4 26. Qd2+ Nd5 27. Be3 Ke7 $2 (27... Qc3 28. Qd1 Qb3) 28. Rc1 Nxe3 29. Rxc4 {Precision: White = 57%, Black = 22%.} 1-0

[Event "CZE-ch Open 2018"]
[Site "Ostrava"]
[Date "2018.04.30"]
[Round "3"]
[White "Svatos, Jan"]
[Black "Belunek, Vladimir"]
[Result "1-0"]
[WhiteElo "2272"]
[BlackElo "2216"]
[Annotator "TA"]
[PlyCount "91"]
[EventDate "2018.??.??"]
[EventCountry "CZE"]
[SourceTitle "playchess.com"]
[Source "ChessBase"]
[SourceQuality "1"]

{[%evp 17,91,23,27,27,32,20,30,8,15,0,8,-21,33,33,37,-41,18,-22,46,0,0,0,25,12,14,-21,13,0,112,114,125,103,188,180,168,0,0,0,0,0,0,-7,52,45,47,-131,-118,-226,-205,-231,-226,-315,-274,-278,-254,-239,-218,-167,0,0,155,138,220,200,227,116,726,662,1006,1000,942,959,1036,1036,29978,29978]} 1. e4 e5 2. Nf3 Nc6 3. Bc4 Nf6 4. d3 Bc5 5. O-O d6 6. c3 O-O 7. b4 Bb6 8. a4 a6 9. h3 h6 {LiveBook: 4 Games} 10. Nbd2 {[%cal Bb1d2,Bd2f1,Bf1g3][%mdl 32] C54: Giuoco Piano: 4 c3 Nf6, main lines with 5 d4 and 5 d3} Ne7 11. Re1 Ng6 12. Bb3 {White has an edge.} c6 13. d4 Bc7 $146 ({Predecessor:} 13... Re8 14. Bc2 Be6 15. Nf1 a5 16. Be3 exd4 17. Nxd4 Bd7 {0-1 (33) Khanin,S (2458)-Urazayev,A (2346) Moscow 2018}) 14. Nf1 Re8 (14... d5 $11) 15. Ng3 $14 d5 16. exd5 (16. dxe5 $1 $14 Nxe5 17. Bf4) 16... Nxd5 (16... e4 $1 $15 17. Ne5 Nxe5 18. dxe5 Bxe5 19. Nxe4 Nxe4 20. Rxe4 Bxc3 21. Rxe8+ Qxe8) 17. Bb2 exd4 ({Black should play} 17... Ndf4 $11) 18. Rxe8+ Qxe8 19. Qxd4 Bb6 20. Qd2 Ndf4 21. Re1 Qf8 22. Nd4 Nxg2 (22... Be6 $11 {keeps the balance.}) 23. Kxg2 $16 {Threatens to win with Re4.} Nh4+ 24. Kh1 $1 {Black must now prevent Re4.} Bxd4 (24... Bxh3 $16 25. Bd1 c5) 25. Qxd4 $18 ({Resist} 25. cxd4 $6 Nf3 $14) 25... Nf3 {[#]} 26. Qe4 $2 (26. Bxf7+ $1 $18 Qxf7 27. Qd8+ Kh7 28. Re7) 26... Nxe1 $11 27. Kh2 {[#]} Bxh3 $1 28. Kxh3 Re8 $36 {[%mdl 2048] Black is pushing.} 29. Qf5 Re7 (29... Rd8 $11) 30. Bc1 $14 {Be3 is the strong threat.} Qd8 $1 31. Bxh6 $2 (31. Be3 $14 {keeps the upper hand.}) 31... gxh6 $17 32. Qg6+ (32. Qf6 $17 Qd7+ 33. Kh2) 32... Kf8 $19 33. Qxh6+ Ke8 34. Qh8+ Kd7 35. Qf6 Kc8 36. Bxf7 Qd7+ 37. Nf5 Rxf7 $2 {[#]} (37... Re4 $19 {And now ...Kb8 would win.} 38. Kg3 Kc7) 38. Qxf7 $1 $11 {[%mdl 512]} Qd3+ $2 (38... Qxf7 $11 39. Nd6+ Kd7 40. Nxf7 Nd3) 39. Kg4 $16 Qe2+ (39... Qd1+ $16 {is a better defense.} 40. Kg5 Qd8+ 41. Qf6 Nf3+ 42. Kg6 Qe8+ 43. Kg7 Qd7+ 44. Kf8 Kc7) 40. Kg5 $18 Qd2+ {[#]} 41. Kg6 (41. f4 $1 $18) 41... Nf3 $2 {[%mdl 8192]} (41... Kb8 $16) 42. Ne7+ Kd8 {[#] aiming for ...Ne5+.} 43. Nxc6+ $1 {[%mdl 512]} bxc6 44. Qxf3 Qc2+ 45. Qf5 Qxc3 46. Qf6+ {Precision: White = 52%, Black = 27%.} 1-0

[Event "CZE-ch Open 2018"]
[Site "Ostrava"]
[Date "2018.04.30"]
[Round "3"]
[White "Jurek, Josef"]
[Black "Bures, Martin"]
[Result "1/2-1/2"]
[WhiteElo "2264"]
[BlackElo "2100"]
[Annotator "TA"]
[PlyCount "85"]
[EventDate "2018.??.??"]
[EventCountry "CZE"]
[SourceTitle "playchess.com"]
[Source "ChessBase"]
[SourceQuality "1"]

{[%evp 20,85,29,16,43,28,43,35,29,27,50,41,52,16,22,9,30,26,32,27,31,10,11,0,0,0,0,0,8,8,8,10,18,10,20,21,20,0,0,0,15,0,0,0,0,0,0,0,0,0,2,0,0,-27,0,0,0,0,0,0,0,0,0,0,0,0,0,0]} 1. Nf3 d5 2. g3 Nf6 3. Bg2 g6 4. c4 c6 5. b3 Bg7 6. Bb2 O-O 7. O-O Bg4 8. d3 Bxf3 9. Bxf3 Nbd7 10. Nd2 e6 11. Qc2 {LiveBook: 24 Games} Rc8 {A11: English Opening: 1...c6} (11... Re8 12. Bg2 Qe7 13. e3 Rac8 14. a3 Ng4 15. b4 Bxb2 16. Qxb2 Nb6 17. h3 Nf6 18. Rfc1 Red8 19. Nf3 dxc4 20. dxc4 {1-0 (51) Svidler,P (2759)-Artemiev,V (2653) Almaty 2016}) 12. Rac1 $146 ({Predecessor:} 12. Rad1 Qe7 13. Bg2 Nh5 14. Rfe1 f5 15. e3 b5 16. f4 Nhf6 17. Nf3 b4 18. Rc1 Nb6 19. Qd2 {1-0 (45) Zhuck,S (2442)-Rosikhin,I (2134) Minsk 2000}) 12... Qe7 13. Bg2 Rfd8 {White is slightly better.} 14. Rfe1 Qf8 15. Qb1 Ne8 16. Bxg7 Qxg7 17. b4 Ne5 18. b5 Nd6 19. bxc6 bxc6 20. Qc2 (20. c5 {feels hotter.} Nf5 21. Qc2 Nd7 22. Qa4 Qf6 23. Nb3) 20... dxc4 21. Nxc4 Ndxc4 22. dxc4 c5 23. Qa4 f5 24. Red1 Qe7 25. h3 Rb8 26. Rxd8+ Rxd8 27. Rb1 Rd7 28. Qa6 Kg7 29. Rb8 Nf7 (29... Qd6 {is interesting.} 30. Qxd6 Rxd6 31. f4 Nxc4 32. Rb7+ Kf6) 30. Qa4 Qd6 31. Rb1 Kf6 32. Bc6 Rc7 33. Bg2 Rd7 34. Bc6 Rc7 35. Bg2 Rd7 36. Kh2 f4 37. Rb3 {The position is equal.} fxg3+ 38. fxg3 Ne5 39. Re3 h5 40. Re4 g5 41. Qb3 {[#]} h4 $1 {[%mdl 512]} 42. Qc3 (42. gxh4 Nf3+) 42... hxg3+ 43. Kxg3 {Precision: White = 68%, Black = 56%.} 1/2-1/2

[Event "CZE-ch Open 2018"]
[Site "Ostrava"]
[Date "2018.04.30"]
[Round "3"]
[White "Vybiral, Zdenek"]
[Black "Cvek, Robert"]
[Result "0-1"]
[WhiteElo "2261"]
[BlackElo "2505"]
[Annotator "TA"]
[PlyCount "72"]
[EventDate "2018.??.??"]
[EventCountry "CZE"]
[SourceTitle "playchess.com"]
[Source "ChessBase"]
[SourceQuality "1"]

{[%evp 11,72,15,13,8,12,-25,-10,-25,-18,-31,-34,-31,8,-65,6,-62,-56,-50,-50,-54,-50,-70,-50,-43,-43,-56,-32,-50,-24,-49,-26,-68,-65,-60,-72,-119,-119,-120,-120,-119,-120,-119,-119,-143,-139,-142,-134,-133,-119,-139,-119,-226,-230,-253,-204,-264,-277,-234,-245,-356,-335,-333,-287]} 1. d4 d5 2. c4 e6 3. Nc3 Nf6 4. cxd5 exd5 5. Bg5 c6 6. Qc2 h6 {LiveBook: 48 Games} 7. Bf4 {D36: Queen's Gambit Declined: Exchange Variation: Main line (5 Bg5 c6 6 Qc2)} (7. Bh4 Be7 8. e3 O-O 9. Bd3 Re8 10. Nge2 Nh5 11. Bxe7 Qxe7 12. h3 a5 13. a3 Nd7 14. Na4 Qh4 15. g3 Qd8 16. g4 Nhf6 17. Ng3 Nf8 18. O-O-O {1-0 (67) Caruana,F (2799)-Kramnik,V (2803) Douglas 2017}) 7... g6 {[%cal Bg7g6,Bg6g5][%mdl 32]} 8. Nf3 $146 ({Predecessor:} 8. e3 Bf5 9. Bd3 Bxd3 10. Qxd3 Nbd7 11. Nf3 Bg7 12. O-O O-O 13. b4 Re8 14. h3 Ne4 {½-½ (62) Packroff,H (2228)-Neese,H (2260) Finsterbergen 2003}) 8... Bf5 9. Qb3 {The position is equal.} Qb6 10. h3 g5 11. Bh2 Na6 12. Rc1 (12. Nd2 $11) 12... Be7 ({Black should play} 12... Qxb3 $15 13. axb3 Nb4) 13. e3 (13. Nd2 $11) 13... Qxb3 $15 14. axb3 Nb4 15. Kd2 Ne4+ 16. Nxe4 Bxe4 17. Ne5 f6 $36 {[%mdl 2048] White is under pressure.} 18. f3 Bh7 19. Nd3 b6 20. Nf2 Kd7 21. Bd3 Nxd3 22. Nxd3 a5 23. h4 gxh4 24. Bf4 Rag8 $1 {[%cal Rg8g2]} 25. Rcg1 Bxd3 $1 26. Kxd3 {[#]} f5 $1 27. Ke2 Rg6 28. Kf2 Rhg8 29. Rh2 Kc8 30. Ke2 Kb7 31. Kd3 {[#]} (31. Kf2 $17) 31... Ka6 $1 $19 32. Be5 Kb5 33. Kc3 Bd8 34. Kd3 Kb4 35. e4 (35. Kc2 $142) 35... fxe4+ ({Weaker is} 35... Kxb3 36. exf5 Rg5 37. Rxh4 $15) 36. fxe4 Kxb3 {Precision: White = 38%, Black = 71%.} 0-1